Football Clubs Managed by Sir Alex Ferguson - Statistics

General Stats
  • This quiz has been taken 418 times
  • The average score is 3 of 5
Answer Stats
Years Club % Correct
1986-2013 Manchester United
100%
1978-1986 Aberdeen
80%
1985-1986 Scotland
53%
1974-1978 St Mirren
32%
1974 East Stirlingshire
14%
No matching quizzes found
Score Distribution
Percent of People with Each Score
Percentile by Number Answered
Your Score History
You have not taken this quiz